Statistics for Radiohead Songs

Click here to take the quiz!

General Stats

  • This quiz has been taken 215 times
  • The average score is 61 of 100

Answer Stats

Group1% Correct
G1Creep
93%
G4Everything in Its Right Place
84%
G4Kid A
84%
G3Paranoid Android
84%
G2The Bends
83%
G2Fake Plastic Trees
81%
G3Karma Police
81%
G3No Surprises
81%
G1You
81%
G3Airbag
80%
G2Just
79%
G5Morning Bell / Amnesiac
78%
G62 + 2 = 5 (The Lukewarm.)
77%
G4How to Disappear Completely
77%
G3Let Down
76%
G3Lucky
76%
G2Planet Telex
76%
G4The National Anthem
76%
G7Weird Fishes / Arpeggi
76%
G3Climbing Up the Walls
75%
G3Exit Music (For a Film)
75%
G4Idioteque
75%
G715 Step
74%
G7Bodysnatchers
74%
G2High and Dry
74%
G2Street Spirit (Fade Out)
74%
G3Fitter Happier
73%
G7Jigsaw Falling Into Place
73%
G3Subterranean Homesick Alien
73%
G3The Tourist
73%
G7Nude
72%
G1Anyone Can Play Guitar
71%
G3Electioneering
71%
G5Pyramid Song
71%
G7Reckoner
71%
G4Optimistic
70%
G4Treefingers
70%
G7Videotape
70%
G7Faust Arp
69%
G7House of Cards
69%
G4Morning Bell
69%
G4Motion Picture Soundtrack
69%
G2My Iron Lung
69%
G9Burn the Witch
68%
G8Lotus Flower
68%
G9Daydreaming
67%
G7All I Need
66%
G2Black Star
66%
G2Bones
66%
G5Knives Out
65%
G2(Nice Dream)
64%
G4In Limbo
63%
G6There There. (The Boney King of Nowhere.)
61%
G8Bloom
59%
G9True Love Waits
59%
G5You And Whose Army?
58%
G2Bullet Proof..I Wish I Was
56%
G5Life in a Glasshouse
56%
G2Sulk
56%
G6A Wolf at the Door. (It Girl. Rag Doll.)
55%
G5Hunting Bears
55%
G1Blow Out
54%
G5Like Spinning Plates
54%
G1Vegetable
54%
G8Codex
53%
G5I Might Be Wrong
53%
G9The Numbers
52%
G9Decks Dark
51%
G8Morning Mr. Magpie
51%
G6Myxomatosis. (Judge, Jury & Executioner.)
51%
G5Packt Like Sardines in a Crushd Tin Box
50%
G9Ful Stop
49%
G5Pulk / Pull Revolving Doors
49%
G6Sail to the Moon. (Brush the Cobwebs Out of the Sky.)
49%
G9Identikit
48%
G9Desert Island Disk
47%
G6We Suck Young Blood. (Your Time Is Up.)
47%
G1How Do You?
46%
G9Present Tense
46%
G1Ripcord
46%
G1Stop Whispering
44%
G9Glass Eyes
43%
G8Separator
43%
G6Sit Down. Stand Up. (Snakes & Ladders.)
43%
G6The Gloaming. (Softly Open Our Mouths in the Cold.)
43%
G1Lurgee
42%
G5Dollars and Cents
40%
G9Tinker Tailor Soldier Sailor Rich Man Poor Man Beggar Man Thief
40%
G6A Punchup at a Wedding. (No No No No No No No No.)
39%
G8Feral
39%
G6Scatterbrain. (As Dead As Leaves.)
39%
G8Give Up the Ghost
37%
G6Where I End and You Begin. (The Sky Is Falling In.)
37%
G6Go to Sleep. (Little Man Being Erased.)
36%
G8Little by Little
36%
G1Thinking About You
36%
G6I Will. (No Man's Land.)
34%
G6Backdrifts. (Honeymoon Is Over.)
32%
G1I Can't
28%
G1Prove Yourself
28%

Score Distribution

Percentile by Number Answered

Percent of People with Each Score

Your Score History

You have not taken this quiz